| 000 | 01417cac a2200373 i 4500 | ||
|---|---|---|---|
| 003 | EG-GICUC | ||
| 005 | 20260121101651.0 | ||
| 008 | 260106c2005 nyuar fr 0 a0eng d | ||
| 016 | 7 |
_a018457357 _2Uk |
|
| 040 |
_aEG-GICUC _beng _cEG-GICUC _dEG-GICUC _erda |
||
| 043 | _an-us--- | ||
| 082 | 0 | 4 |
_a343.3 _221 |
| 092 | 0 | 4 | _221 |
| 099 | _aLaw 10 2005 | ||
| 245 | 0 | 0 |
_aLeading constitutional cases on criminal justice / _cedited by LLoyd L. Weinreb. |
| 246 | 1 | 3 | _aCriminal justice |
| 250 | _a2005 edition. | ||
| 264 |
_aNew York : _bFoundation Press, _c2005. |
||
| 300 |
_axiii, 1181 pages ; _c26 cm |
||
| 336 |
_atext _btxt _2rdacontent |
||
| 337 |
_aComputer _bn _2rdamedia |
||
| 338 |
_aOnline REsource _bnc _2rdacarrier |
||
| 590 | _aSERBIB/SERLOC merged record | ||
| 650 | 0 |
_aCriminal procedure _zUnited States _vCases. |
|
| 650 | 0 |
_aCriminal justice, Administration of _zUnited States _vCases. |
|
| 650 | 7 |
_aCriminal procedure. _2fast _0(OCoLC)fst00883421 |
|
| 655 | 4 | _aCases. | |
| 700 | 1 |
_aWeinreb, Lloyd L., _d1936-2021. _1https://id.oclc.org/worldcat/entity/E39PBJdRvQptP6hdJdkVmDBHG3 |
|
| 776 | 0 | 8 |
_iOnline version: _tLeading constitutional cases on criminal justice _w(OCoLC)565213225 |
| 776 | 0 | 8 |
_iOnline version: _tLeading constitutional cases on criminal justice _w(OCoLC)605892403 |
| 856 | 4 | 0 | _uhttps://fll.law.cu.edu.eg/fulltext/bks/ENGB10-00159.pdf |
| 905 | _a10 | ||
| 942 |
_2ddc _cBK _e21 _n0 |
||
| 999 |
_c54795 _d54795 |
||